000
00314nam a2200157Ia 4500
100
_a
Bawa/H.S
250
_a
2
942
_c
BK
366
_f
25
245
_a
Workshop Practice
260
_b
Tata Mc Graw hill Ltd.
_c
2009
082
_a
671
_b
BAW
300
_a
250
546
_a
ENGLISH
_c
Info.Tech
999
_c
26511
_d
26511